000 00365nam a2200133Ia 4500
005 20251222141914.0
008 251222s9999||||xx |||||||||||||| ||spa||
020 _a978-9972-234-05-7
082 _a657.42/S25C
100 _aSanta Cruz Ramos, Alfonso
245 0 _aContabilidad de Costos de Importación y Exportación
264 _bInstituto Pacífico
942 _cLIB
999 _c8504
_d8504